Name all AURORA songs - Statistics

General Stats
  • This quiz has been taken 304 times
    299 since last reset
  • The average score is 40 of 71
Answer Stats
Answer % Correct
Runaway
98%
Runaway
98%
Running with the Wolves
89%
Running with the Wolves
89%
The Seed
84%
Cure for Me
83%
Queendom
77%
Everything Matters
74%
Infections of a Different Kind
74%
The River
73%
Artemis
72%
Animal
71%
Murder Song (5, 4, 3, 2, 1)
71%
A Different Kind of Human
70%
Exist For Love
70%
Apple Tree
68%
Conqueror
68%
Winter Bird
68%
All is Soft Inside
67%
Blood in the Wine
67%
Heathens
67%
Daydreamer
66%
Warrior
66%
Mothership
64%
Soft Universe
64%
Black Water Lillies
63%
Churchyard
63%
In Bottles
62%
It Happened Quiet
62%
Lucky
62%
Through the Eyes of a Child
62%
Exhale Inhale
61%
Forgotten Love
61%
Giving into the Love
59%
Under the Water
59%
Gentle Earthquakes
58%
A Temporary High
57%
Home
57%
Dance on the Moon
56%
Hunger
56%
I Went Too Far
56%
Soulless Creatures
56%
The Innocent
56%
Little Boy in the Grass
55%
A Little Place Called the Moon
54%
A Dangerous Thing
53%
Half the World Away
52%
Nature Boy
52%
In Boxes
51%
You Keep me Crawling
48%
This Could be a Dream
46%
Wisdom Cries
46%
A Potion for Love
43%
The Devil is Human
43%
The Woman I Am
43%
Under Stars
41%
Midas Touch
37%
Butterflies
35%
Into the Unknown
35%
Awakening
34%
Forbidden Fruits of Eden
34%
Storm
30%
The Secret Garden
28%
Walking in the Air
28%
To Be Loved
25%
Life on Mars
22%
Sofia
22%
Stjernestov
22%
Hunting Shadows
21%
PARAMOUR
21%
Thank U
19%
No matching quizzes found
Score Distribution
Percent of People with Each Score
Percentile by Number Answered
Your Score History
You have not taken this quiz since the last reset